| 000 | 01008nam a2200277 a 4500 | ||
|---|---|---|---|
| 001 | 000048862 | ||
| 003 | DO-SdBNP | ||
| 005 | 20260521073717.0 | ||
| 006 | a||||gr|||| 00| 0 | ||
| 007 | ta | ||
| 008 | 190422e2016 dr ad r 000 e spa d | ||
| 020 | _a9789945871739 | ||
| 040 |
_aDO-SdBNP _bspa _cBNPHU _erda |
||
| 082 | 4 |
_bS225c _222 |
|
| 100 | 1 |
_aSang, Mu-Kien A. _d1955- _q(Mu-Kien Adriana) _eautor _9331 |
|
| 245 | 1 | 0 |
_aComplejidad y economía : _bmundos en colisión. / _cMiguel Sang Ben ; presentación Sara Guiliano Jiménez |
| 264 |
_aSanto Domingo : _bAcademia de Ciencia de la República Dominicana, _c2016. |
||
| 300 |
_a193 páginas ; _bIlustraciones, gráficas ; _c24 cm. |
||
| 336 |
_2rdacontent _atexto _btxt |
||
| 337 |
_2rdamedia _asin mediación _bn |
||
| 338 |
_2rdacarrier _avolumen _bnc |
||
| 500 | _aIncluye referencias bibliográficas y notas al pie de las páginas. | ||
| 590 | _aInventariado 2023 / MF | ||
| 700 | 1 |
_aGuilamo Jiménez, Sara, _epresentación _983201 |
|
| 942 |
_2ddc _cLBS1 |
||
| 999 |
_c48350 _d48350 |
||